[Event "XLI Barbera del Valles Open 2018"]
[Site "Barbera del Valles"]
[Date "2018.07.07"]
[Round "4"]
[White "Iniyan, P."]
[Black "Ortiz Suarez, Isan Reynaldo"]
[Result "1-0"]
[WhiteElo "2451"]
[BlackElo "2548"]
[Annotator "ChessBase"]
[PlyCount "91"]
[EventDate "2018.07.04"]
[EventType "swiss"]
[EventCountry "ESP"]
[SourceTitle "playchess.com"]
[Source "ChessBase"]
[SourceQuality "1"]
[TimeControl "5400+30"]

1. d4 {[%emt 0:00:00]} Nf6 {[%emt 0:00:00]} 2. c4 {[%emt 0:00:00]} e6 {[%emt 0:00:00]} 3. Nc3 {[%emt 0:00:00]} Bb4 {[%emt 0:00:00]} 4. Nf3 {[%emt 0:00:00]} O-O {[%emt 0:00:17]} 5. Bg5 {[%emt 0:00:07]} c5 {[%emt 0:00:24]} 6. e3 {[%emt 0:00:11]} h6 {[%emt 0:00:12]} 7. Bh4 {[%emt 0:01:41]} cxd4 {[%emt 0:00:20]} 8. exd4 {[%emt 0:00:16]} d5 {[%emt 0:00:17]} 9. Bd3 {[%emt 0:07:51]} dxc4 {[%emt 0:04:13]} 10. Bxc4 {[%emt 0:00:28]} Be7 {[%emt 0:00:14]} 11. O-O {[%emt 0:02:43]} Nc6 {[%emt 0:00:51]} 12. a3 {[%emt 0:02:12]} Nd5 {[%emt 0:07:41]} 13. Bg3 {[%emt 0:00:51]} b6 {[%emt 0:01:08]} 14. Nxd5 {[%emt 0:05:59]} exd5 {[%emt 0:00:12]} 15. Bb5 {[%emt 0:00:12]} Na5 {[%emt 0:06:51]} 16. Rc1 {[%emt 0:09:25]} Bd6 {[%emt 0:01:20]} 17. Ne5 {[%emt 0:11:59]} a6 {[%emt 0:16:13]} 18. Bd3 {[%emt 0:01:04]} Be6 {[%emt 0:01:39]} 19. Bb1 {[%emt 0:06:27]} Bxe5 {[%emt 0:02:06]} 20. dxe5 {[%emt 0:03:09]} Qd7 {[%emt 0:01:14]} 21. Qd3 {[%emt 0:02:23]} g6 {[%emt 0:00:32]} 22. Qe3 {[%emt 0:03:47]} Kh7 {[%emt 0:00:36]} 23. Qxb6 {[%emt 0:18:31]} Nc4 {[%emt 0:00:33]} 24. Qd4 {[%emt 0:00:07]} Rab8 {[%emt 0:02:00]} 25. Bd3 {[%emt 0:04:47]} Nxb2 {[%emt 0:04:36]} 26. Bxa6 {[%emt 0:00:26]} Rb3 {[%emt 0:01:02]} 27. Rc3 {[%emt 0:09:05]} Rxc3 {[%emt 0:01:49]} 28. Qxc3 {[%emt 0:00:08]} Nc4 {[%emt 0:00:20]} 29. Qb4 {[%emt 0:03:45]} Ra8 {[%emt 0:11:48]} 30. Bb5 {[%emt 0:00:07]} Qa7 {[%emt 0:00:06]} 31. a4 {[%emt 0:00:08]} Rc8 {[%emt 0:01:19]} 32. Rc1 {[%emt 0:01:45]} Qd4 {[%emt 0:02:15]} 33. h3 {[%emt 0:00:13]} h5 {[%emt 0:01:56]} 34. Qe7 {[%emt 0:00:39]} Qd2 {[%emt 0:00:41]} 35. Rf1 {[%emt 0:00:07]} d4 {[%emt 0:08:24]} 36. Be8 {[%emt 0:00:36]} Rxe8 {[%emt 0:00:03]} 37. Qxe8 {[%emt 0:00:11]} d3 {[%emt 0:00:20]} 38. Qd8 {[%emt 0:01:38]} Qe2 {[%emt 0:08:18]} 39. Bh4 {[%emt 0:03:50]} Nd2 {[%emt 0:00:18]} 40. Ra1 {[%emt 0:00:22]} Ne4 {[%emt 0:00:17]} 41. f3 {[%emt 0:00:38]} g5 {[%emt 0:06:35]} 42. Re1 {[%emt 0:01:04]} Qc2 {[%emt 0:00:53]} 43. Rxe4 {[%emt 0:00:11]} gxh4 {[%emt 0:01:10]} 44. Rxh4 {[%emt 0:00:28]} Qc5+ {[%emt 0:03:07]} 45. Kh1 {[%emt 0:00:05]} Qxe5 {[%emt 0:00:24]} 46. Qxd3+ 1-0

[Event "XLI Barbera del Valles Open 2018"]
[Site "Barbera del Valles"]
[Date "2018.07.07"]
[Round "4"]
[White "Perez Mitjans, Orelvis"]
[Black "Asis, Tommy"]
[Result "1/2-1/2"]
[WhiteElo "2399"]
[BlackElo "2538"]
[Annotator "ChessBase"]
[PlyCount "111"]
[EventDate "2018.07.04"]
[EventType "swiss"]
[EventCountry "ESP"]
[SourceTitle "playchess.com"]
[Source "ChessBase"]
[SourceQuality "1"]
[TimeControl "5400+30"]

1. e4 {[%emt 0:02:36]} c5 {[%emt 0:14:33]} 2. Nf3 {[%emt 0:03:45]} d6 {[%emt 0:00:06]} 3. Bb5+ {[%emt 0:00:05]} Nd7 {[%emt 0:00:04]} 4. d4 {[%emt 0:00:08]} cxd4 {[%emt 0:00:04]} 5. Qxd4 {[%emt 0:00:04]} a6 {[%emt 0:00:07]} 6. Bxd7+ {[%emt 0:00:05]} Bxd7 {[%emt 0:00:05]} 7. Nc3 {[%emt 0:00:07]} e5 {[%emt 0:00:05]} 8. Qd3 {[%emt 0:00:04]} Rc8 {[%emt 0:00:05]} 9. O-O {[%emt 0:02:28]} h6 {[%emt 0:01:59]} 10. Rd1 {[%emt 0:00:59]} Nf6 {[%emt 0:00:19]} 11. Nd2 {[%emt 0:07:47]} Qc7 {[%emt 0:00:15]} 12. Nf1 {[%emt 0:06:47]} Bg4 {[%emt 0:01:50]} 13. f3 {[%emt 0:01:33]} Be6 {[%emt 0:00:05]} 14. Ne3 {[%emt 0:00:56]} Be7 {[%emt 0:00:05]} 15. Bd2 {[%emt 0:05:57]} O-O {[%emt 0:00:07]} 16. a4 {[%emt 0:07:01]} Rfd8 {[%emt 0:03:14]} 17. Ncd5 {[%emt 0:04:24]} Nxd5 {[%emt 0:01:21]} 18. exd5 {[%emt 0:00:06]} Bd7 {[%emt 0:00:09]} 19. a5 {[%emt 0:04:27]} Qc5 {[%emt 0:21:24]} 20. Kh1 {[%emt 0:16:58]} Bg5 {[%emt 0:12:57]} 21. c3 {[%emt 0:03:07]} Re8 {[%emt 0:31:37]} 22. Nf5 {[%emt 0:20:43]} Bxd2 {[%emt 0:01:16]} 23. Rxd2 {[%emt 0:00:03]} Bxf5 {[%emt 0:00:49]} 24. Qxf5 {[%emt 0:00:06]} Qb5 {[%emt 0:00:18]} 25. Qc2 {[%emt 0:04:25]} Rc5 {[%emt 0:00:18]} 26. Qd1 {[%emt 0:01:39]} e4 {[%emt 0:02:23]} 27. fxe4 {[%emt 0:00:45]} Rxe4 {[%emt 0:00:04]} 28. Qf3 {[%emt 0:00:22]} Rxd5 {[%emt 0:02:18]} 29. Rf1 {[%emt 0:01:14]} Qxf1+ {[%emt 0:00:08]} 30. Qxf1 {[%emt 0:00:07]} Rxd2 {[%emt 0:00:04]} 31. h3 {[%emt 0:00:12]} Rxb2 {[%emt 0:02:06]} 32. Qf5 {[%emt 0:01:07]} Re6 {[%emt 0:00:06]} 33. h4 {[%emt 0:00:37]} g6 {[%emt 0:00:37]} 34. Qf4 {[%emt 0:00:19]} h5 {[%emt 0:00:20]} 35. c4 {[%emt 0:00:33]} Rbe2 {[%emt 0:04:00]} 36. Qf3 {[%emt 0:02:15]} R2e4 {[%emt 0:00:17]} 37. Kg1 {[%emt 0:00:09]} Re7 {[%emt 0:00:53]} 38. Qd3 {[%emt 0:00:21]} Rxh4 {[%emt 0:00:29]} 39. c5 {[%emt 0:00:40]} d5 {[%emt 0:00:28]} 40. c6 {[%emt 0:01:13]} bxc6 {[%emt 0:00:43]} 41. Qxa6 {[%emt 0:00:05]} Re1+ {[%emt 0:01:05]} 42. Kf2 {[%emt 0:00:05]} Ra1 {[%emt 0:00:05]} 43. Qxc6 {[%emt 0:02:34]} Rf4+ {[%emt 0:00:32]} 44. Kg3 {[%emt 0:00:09]} Rg4+ {[%emt 0:00:02]} 45. Kh2 {[%emt 0:00:07]} Rxa5 {[%emt 0:01:23]} 46. Qc8+ {[%emt 0:00:58]} Kh7 {[%emt 0:00:04]} 47. Qc7 {[%emt 0:00:02]} Raa4 {[%emt 0:00:19]} 48. Qxf7+ {[%emt 0:00:04]} Kh6 {[%emt 0:00:01]} 49. Qf8+ {[%emt 0:00:38]} Kg5 {[%emt 0:00:03]} 50. Qd8+ {[%emt 0:00:20]} Kf4 {[%emt 0:00:20]} 51. Qxd5 {[%emt 0:02:21]} Re4 {[%emt 0:00:40]} 52. Qd6+ {[%emt 0:00:51]} Re5 {[%emt 0:00:56]} 53. Qd4+ {[%emt 0:00:52]} Kf5 {[%emt 0:00:14]} 54. Qd7+ {[%emt 0:00:13]} Kf6 {[%emt 0:00:58]} 55. Qd6+ {[%emt 0:00:15]} Kf5 {[%emt 0:00:36]} 56. Qf8+ {[%emt 0:00:29]} 1/2-1/2

[Event "XLI Barbera del Valles Open 2018"]
[Site "Barbera del Valles"]
[Date "2018.07.07"]
[Round "4"]
[White "Frayna, Janelle Mae"]
[Black "Karthik Venkataraman"]
[Result "1/2-1/2"]
[WhiteElo "2315"]
[BlackElo "2514"]
[Annotator "ChessBase"]
[PlyCount "61"]
[EventDate "2018.07.04"]
[EventType "swiss"]
[EventCountry "ESP"]
[SourceTitle "playchess.com"]
[Source "ChessBase"]
[SourceQuality "1"]
[TimeControl "5400+30"]

1. Nf3 c5 2. c4 Nc6 3. g3 g6 4. Bg2 Bg7 5. Nc3 e6 6. d4 cxd4 7. Nb5 d5 8. cxd5 exd5 9. Nbxd4 Nge7 10. O-O O-O 11. Be3 Re8 12. Qd2 Nf5 13. Nxc6 bxc6 14. Bc5 a5 15. e3 Nd6 16. Bd4 Ne4 17. Qc2 Bd7 18. Rac1 Bf8 19. Ne5 c5 20. Nxd7 Qxd7 21. Bc3 Qf5 22. Rcd1 a4 23. Qd3 Rad8 24. Qb5 a3 25. Bxe4 Qxe4 26. bxa3 Ra8 27. Qc6 d4 28. Qxe4 Rxe4 29. exd4 Rxa3 30. Ba1 cxd4 31. Bxd4 1/2-1/2

[Event "XLI Barbera del Valles Open 2018"]
[Site "Barbera del Valles"]
[Date "2018.07.07"]
[Round "4"]
[White "Akshita, Gorti"]
[Black "Manolache, Marius"]
[Result "1/2-1/2"]
[WhiteElo "2255"]
[BlackElo "2494"]
[Annotator "ChessBase"]
[PlyCount "104"]
[EventDate "2018.07.04"]
[EventType "swiss"]
[EventCountry "ESP"]
[SourceTitle "playchess.com"]
[Source "ChessBase"]
[SourceQuality "1"]
[TimeControl "5400+30"]

1. d4 {[%emt 0:00:00]} Nf6 {[%emt 0:00:00]} 2. c4 {[%emt 0:00:00]} d6 {[%emt 0:00:00]} 3. Nc3 {[%emt 0:00:25]} g6 {[%emt 0:00:13]} 4. e4 {[%emt 0:00:13]} Bg7 {[%emt 0:00:06]} 5. h3 {[%emt 0:00:18]} O-O {[%emt 0:01:37]} 6. Be3 {[%emt 0:00:20]} Na6 {[%emt 0:00:50]} 7. Bd3 {[%emt 0:01:02]} e5 {[%emt 0:02:14]} 8. d5 {[%emt 0:02:33]} Nc5 {[%emt 0:00:13]} 9. Bc2 {[%emt 0:00:28]} a5 {[%emt 0:00:15]} 10. Qd2 {[%emt 0:00:24]} Nfd7 {[%emt 0:04:01]} 11. g4 {[%emt 0:02:00]} Nb6 {[%emt 0:00:38]} 12. Qe2 {[%emt 0:01:01]} f5 {[%emt 0:05:15]} 13. gxf5 {[%emt 0:03:24]} gxf5 {[%emt 0:00:07]} 14. O-O-O {[%emt 0:04:59]} Nxe4 15. Nxe4 {[%emt 0:05:23]} fxe4 {[%emt 0:04:11]} 16. Bxe4 {[%emt 0:00:39]} Qh4 {[%emt 0:00:20]} 17. Qc2 {[%emt 0:06:57]} Bd7 {[%emt 0:18:44]} 18. Nf3 {[%emt 0:07:02]} Rxf3 {[%emt 0:02:12]} 19. Bxf3 {[%emt 0:00:30]} Nxc4 {[%emt 0:00:13]} 20. Rdg1 {[%emt 0:07:01]} Nxe3 {[%emt 0:05:08]} 21. fxe3 {[%emt 0:00:10]} Rf8 {[%emt 0:01:29]} 22. Bg4 {[%emt 0:03:33]} Be8 {[%emt 0:00:06]} 23. Bf5 {[%emt 0:06:09]} Kh8 {[%emt 0:04:16]} 24. Rg4 {[%emt 0:07:09]} Qh6 {[%emt 0:00:19]} 25. Rhg1 {[%emt 0:02:50]} Qxe3+ {[%emt 0:03:14]} 26. Kb1 {[%emt 0:00:30]} Rf7 {[%emt 0:00:24]} 27. Bxh7 {[%emt 0:02:12]} Bd7 {[%emt 0:07:41]} 28. R4g2 {[%emt 0:06:24]} Bxh3 {[%emt 0:00:19]} 29. Rg3 {[%emt 0:01:02]} Qxg3 {[%emt 0:08:40]} 30. Rxg3 {[%emt 0:00:05]} Rf1+ {[%emt 0:00:05]} 31. Qc1 Rxc1+ {[%emt 0:00:00]} 32. Kxc1 {[%emt 0:00:06]} Bd7 {[%emt 0:02:49]} 33. Be4 {[%emt 0:01:33]} c5 {[%emt 0:02:09]} 34. dxc6 {[%emt 0:12:56]} bxc6 {[%emt 0:00:05]} 35. Rb3 {[%emt 0:00:20]} Kg8 {[%emt 0:05:52]} 36. Rb7 {[%emt 0:00:58]} Be8 {[%emt 0:00:09]} 37. Rb8 {[%emt 0:06:32]} Kf7 {[%emt 0:00:09]} 38. Bg6+ {[%emt 0:00:25]} Kxg6 {[%emt 0:00:05]} 39. Rxe8 {[%emt 0:00:03]} Kf5 {[%emt 0:02:26]} 40. Ra8 {[%emt 0:00:08]} e4 {[%emt 0:03:09]} 41. Rxa5+ {[%emt 0:00:51]} Ke6 {[%emt 0:01:17]} 42. Ra8 {[%emt 0:01:30]} d5 {[%emt 0:00:49]} 43. a4 {[%emt 0:01:51]} Bh6+ {[%emt 0:00:27]} 44. Kd1 {[%emt 0:01:52]} Kd6 {[%emt 0:00:56]} 45. Rb8 {[%emt 0:03:26]} Kc7 {[%emt 0:01:07]} 46. Rb3 {[%emt 0:01:01]} Bf8 47. a5 {[%emt 0:01:57]} Bc5 {[%emt 0:00:31]} 48. a6 {[%emt 0:00:38]} Bb6 {[%emt 0:00:04]} 49. Rh3 {[%emt 0:00:17]} Ba7 {[%emt 0:00:32]} 50. Rb3 {[%emt 0:00:24]} Bb6 {[%emt 0:00:12]} 51. Rh3 {[%emt 0:00:10]} Ba7 {[%emt 0:03:27]} 52. Rb3 {[%emt 0:00:13]} Bb6 1/2-1/2

[Event "XLI Barbera del Valles Open 2018"]
[Site "Barbera del Valles"]
[Date "2018.07.07"]
[Round "4"]
[White "Sauravh, Khherdekar"]
[Black "Aguero Jimenez, Luis Lazaro"]
[Result "1/2-1/2"]
[WhiteElo "2239"]
[BlackElo "2473"]
[Annotator "ChessBase"]
[PlyCount "88"]
[EventDate "2018.07.04"]
[EventType "swiss"]
[EventCountry "ESP"]
[SourceTitle "playchess.com"]
[Source "ChessBase"]
[SourceQuality "1"]
[TimeControl "5400+30"]

1. d4 {[%emt 0:00:00]} d5 {[%emt 0:00:00]} 2. Bf4 Bf5 {[%emt 0:00:00]} 3. e3 {[%emt 0:00:00]} e6 4. c4 {[%emt 0:00:02]} Bxb1 {[%emt 0:00:00]} 5. Qxb1 {[%emt 0:00:00]} Bb4+ {[%emt 0:09:07]} 6. Kd1 Bd6 {[%emt 0:00:06]} 7. Bxd6 {[%emt 0:02:06]} Qxd6 {[%emt 0:00:12]} 8. c5 {[%emt 0:00:25]} Qe7 {[%emt 0:00:24]} 9. Nf3 {[%emt 0:04:54]} Nd7 {[%emt 0:02:05]} 10. Bd3 {[%emt 0:02:11]} Ngf6 {[%emt 0:01:27]} 11. b4 {[%emt 0:01:14]} e5 {[%emt 0:00:19]} 12. dxe5 {[%emt 0:01:04]} Nxe5 13. Ke2 {[%emt 0:00:08]} Nxf3 {[%emt 0:07:47]} 14. Kxf3 {[%emt 0:01:16]} h5 {[%emt 0:05:59]} 15. h3 {[%emt 0:02:47]} Qe5 {[%emt 0:01:15]} 16. g3 {[%emt 0:00:10]} h4 {[%emt 0:05:14]} 17. g4 {[%emt 0:03:01]} O-O {[%emt 0:30:44]} 18. Kg2 {[%emt 0:02:03]} d4 {[%emt 0:00:11]} 19. e4 {[%emt 0:00:45]} Rfe8 {[%emt 0:00:36]} 20. Qc2 {[%emt 0:04:37]} Qg5 {[%emt 0:00:49]} 21. Qc1 Nxe4 {[%emt 0:03:27]} 22. Bxe4 {[%emt 0:01:14]} Qxc1 {[%emt 0:00:05]} 23. Raxc1 {[%emt 0:00:13]} Rxe4 {[%emt 0:00:31]} 24. Rc4 {[%emt 0:01:16]} Rd8 {[%emt 0:01:30]} 25. Rd1 {[%emt 0:02:05]} g5 {[%emt 0:01:37]} 26. Rd2 c6 {[%emt 0:00:11]} 27. f3 {[%emt 0:01:44]} Rf4 {[%emt 0:07:16]} 28. Kf2 {[%emt 0:00:10]} d3 {[%emt 0:01:26]} 29. Re4 Rxe4 {[%emt 0:00:01]} 30. fxe4 {[%emt 0:00:36]} Rd4 31. a3 {[%emt 0:00:00]} Rxe4 {[%emt 0:00:57]} 32. Rxd3 a5 {[%emt 0:02:27]} 33. bxa5 {[%emt 0:03:06]} Ra4 {[%emt 0:01:36]} 34. Ke3 {[%emt 0:01:08]} Kg7 {[%emt 0:01:28]} 35. Rb3 {[%emt 0:00:30]} Kf6 36. Rxb7 Rxa3+ {[%emt 0:00:39]} 37. Kd4 {[%emt 0:00:36]} Ra4+ {[%emt 0:00:22]} 38. Kc3 {[%emt 0:00:17]} Rxa5 {[%emt 0:15:23]} 39. Kb4 Ra8 {[%emt 0:00:00]} 40. Rc7 {[%emt 0:00:59]} Ra6 {[%emt 0:03:17]} 41. Rb7 {[%emt 0:00:35]} Ra8 42. Rc7 {[%emt 0:00:07]} Ra6 {[%emt 0:01:49]} 43. Rb7 Ra8 44. Rc7 {[%emt 0:00:37]} Ke5 1/2-1/2

[Event "XLI Barbera del Valles Open 2018"]
[Site "Barbera del Valles"]
[Date "2018.07.08"]
[Round "5"]
[White "Ortiz Suarez, Isan Reynaldo"]
[Black "Raghunandan, Kaumandur Srihari"]
[Result "1-0"]
[WhiteElo "2548"]
[BlackElo "2417"]
[Annotator "ChessBase"]
[PlyCount "67"]
[EventDate "2018.07.04"]
[EventType "swiss"]
[EventCountry "ESP"]
[SourceTitle "playchess.com"]
[Source "ChessBase"]
[SourceQuality "1"]
[TimeControl "5400+30"]

1. e4 {[%emt 0:03:51]} c5 {[%emt 0:00:00]} 2. Nf3 {[%emt 0:00:08]} d6 {[%emt 0:00:00]} 3. d4 {[%emt 0:00:04]} cxd4 {[%emt 0:00:00]} 4. Nxd4 {[%emt 0:00:03]} Nf6 {[%emt 0:00:06]} 5. Nc3 {[%emt 0:00:05]} a6 {[%emt 0:00:06]} 6. Bg5 {[%emt 0:00:06]} e6 {[%emt 0:00:11]} 7. f4 {[%emt 0:00:05]} h6 {[%emt 0:00:06]} 8. Bh4 {[%emt 0:00:30]} Qb6 {[%emt 0:00:12]} 9. a3 {[%emt 0:00:59]} Be7 {[%emt 0:00:17]} 10. Bf2 {[%emt 0:00:24]} Qc7 {[%emt 0:00:08]} 11. Qf3 {[%emt 0:04:29]} Nbd7 {[%emt 0:00:12]} 12. O-O-O {[%emt 0:00:11]} b5 {[%emt 0:00:08]} 13. g4 {[%emt 0:00:19]} g5 {[%emt 0:00:16]} 14. h4 {[%emt 0:00:55]} gxf4 {[%emt 0:00:11]} 15. Be2 {[%emt 0:00:05]} Ne5 {[%emt 0:00:10]} 16. Qxf4 {[%emt 0:00:13]} Nexg4 {[%emt 0:00:19]} 17. Bxg4 {[%emt 0:02:34]} e5 {[%emt 0:00:08]} 18. Qxf6 {[%emt 0:01:57]} Bxf6 {[%emt 0:01:31]} 19. Nd5 {[%emt 0:00:04]} Qd8 {[%emt 0:02:31]} 20. Nf5 {[%emt 0:02:38]} Bxf5 {[%emt 0:09:48]} 21. Bxf5 {[%emt 0:00:12]} Rb8 {[%emt 0:00:21]} 22. Rd3 {[%emt 0:00:40]} h5 {[%emt 0:50:29]} 23. Rc3 {[%emt 0:05:57]} Bg7 {[%emt 0:00:10]} 24. Rg1 {[%emt 0:04:47]} Kf8 {[%emt 0:01:45]} 25. Kb1 {[%emt 0:03:01]} Rh6 {[%emt 0:04:24]} 26. Rcg3 {[%emt 0:02:21]} Rg6 {[%emt 0:00:12]} 27. Bxg6 {[%emt 0:00:40]} fxg6 {[%emt 0:00:10]} 28. Rxg6 {[%emt 0:00:16]} Rb7 {[%emt 0:00:14]} 29. Bb6 {[%emt 0:16:12]} Qb8 {[%emt 0:07:39]} 30. Be3 {[%emt 0:05:22]} a5 {[%emt 0:13:24]} 31. Rxg7 {[%emt 0:00:36]} Rxg7 {[%emt 0:00:09]} 32. Bh6 {[%emt 0:00:03]} Qa7 {[%emt 0:01:17]} 33. Rxg7 {[%emt 0:00:30]} Qd4 {[%emt 0:00:06]} 34. Rd7+ {[%emt 0:00:20]} 1-0

[Event "XLI Barbera del Valles Open 2018"]
[Site "Barbera del Valles"]
[Date "2018.07.08"]
[Round "5"]
[White "Martinez Alcantara, Jose Eduardo"]
[Black "Iniyan, P."]
[Result "0-1"]
[WhiteElo "2545"]
[BlackElo "2451"]
[Annotator "ChessBase"]
[PlyCount "87"]
[EventDate "2018.07.04"]
[EventType "swiss"]
[EventCountry "ESP"]
[SourceTitle "playchess.com"]
[Source "ChessBase"]
[SourceQuality "1"]
[TimeControl "5400+30"]

1. Nf3 {[%emt 0:03:37]} Nf6 {[%emt 0:00:08]} 2. c4 {[%emt 0:00:04]} g6 {[%emt 0:00:17]} 3. g3 {[%emt 0:00:05]} Bg7 {[%emt 0:00:08]} 4. d4 {[%emt 0:00:06]} O-O {[%emt 0:00:17]} 5. Bg2 {[%emt 0:00:03]} d6 {[%emt 0:00:07]} 6. O-O {[%emt 0:00:06]} Nc6 {[%emt 0:00:07]} 7. Nc3 {[%emt 0:00:04]} a6 {[%emt 0:00:06]} 8. Bf4 {[%emt 0:00:05]} Rb8 {[%emt 0:01:19]} 9. Rc1 {[%emt 0:00:05]} b5 {[%emt 0:00:56]} 10. Nd5 {[%emt 0:11:26]} Nh5 {[%emt 0:01:36]} 11. Bg5 {[%emt 0:04:44]} h6 {[%emt 0:06:26]} 12. Be3 {[%emt 0:00:44]} Bd7 {[%emt 0:03:48]} 13. b3 {[%emt 0:06:08]} e6 {[%emt 0:16:59]} 14. cxb5 {[%emt 0:08:49]} axb5 {[%emt 0:04:45]} 15. Nc3 {[%emt 0:00:01]} b4 {[%emt 0:09:53]} 16. Na4 {[%emt 0:00:17]} Nf6 {[%emt 0:00:07]} 17. Bd2 {[%emt 0:07:25]} Ne4 {[%emt 0:02:46]} 18. Be1 {[%emt 0:00:16]} f5 {[%emt 0:00:49]} 19. Nd2 {[%emt 0:08:45]} Nxd4 {[%emt 0:16:21]} 20. e3 {[%emt 0:02:48]} Bxa4 {[%emt 0:01:05]} 21. Nxe4 {[%emt 0:07:23]} Bb5 {[%emt 0:00:08]} 22. exd4 {[%emt 0:00:02]} fxe4 {[%emt 0:00:33]} 23. Bxe4 {[%emt 0:00:26]} Bxf1 {[%emt 0:07:41]} 24. Kxf1 {[%emt 0:00:04]} Qg5 {[%emt 0:06:18]} 25. d5 {[%emt 0:22:59]} Bd4 {[%emt 0:09:51]} 26. Rc2 {[%emt 0:13:23]} e5 {[%emt 0:05:19]} 27. Kg2 {[%emt 0:01:33]} Rf7 {[%emt 0:00:36]} 28. h4 {[%emt 0:00:31]} Qf6 {[%emt 0:00:08]} 29. Qd3 {[%emt 0:01:33]} Kg7 {[%emt 0:00:10]} 30. f3 {[%emt 0:00:17]} Bc5 {[%emt 0:01:07]} 31. Kh3 {[%emt 0:00:47]} Rbf8 {[%emt 0:00:53]} 32. Bd2 {[%emt 0:00:26]} g5 {[%emt 0:00:22]} 33. Bc1 {[%emt 0:00:33]} gxh4 {[%emt 0:00:15]} 34. g4 {[%emt 0:00:10]} Qxf3+ {[%emt 0:00:08]} 35. Qxf3 {[%emt 0:00:11]} Rxf3+ {[%emt 0:00:04]} 36. Bxf3 {[%emt 0:00:08]} Rxf3+ {[%emt 0:00:05]} 37. Kh2 {[%emt 0:00:36]} Rd3 {[%emt 0:00:20]} 38. Rd2 {[%emt 0:00:36]} Rxd2+ {[%emt 0:03:04]} 39. Bxd2 {[%emt 0:00:00]} e4 {[%emt 0:00:10]} 40. Be1 {[%emt 0:00:28]} Kf6 {[%emt 0:00:29]} 41. Kh3 {[%emt 0:00:23]} Kg5 {[%emt 0:00:25]} 42. Bxh4+ {[%emt 0:01:46]} Kf4 {[%emt 0:00:06]} 43. Bf6 {[%emt 0:00:02]} e3 {[%emt 0:00:27]} 44. Bg7 {[%emt 0:00:03] Ke5} 0-1

[Event "XLI Barbera del Valles Open 2018"]
[Site "Barbera del Valles"]
[Date "2018.07.08"]
[Round "5"]
[White "Asis, Tommy"]
[Black "Mohammad Nubairshah Shaikh"]
[Result "1/2-1/2"]
[WhiteElo "2538"]
[BlackElo "2441"]
[Annotator "ChessBase"]
[PlyCount "49"]
[EventDate "2018.07.04"]
[EventType "swiss"]
[EventCountry "ESP"]
[SourceTitle "playchess.com"]
[Source "ChessBase"]
[SourceQuality "1"]
[TimeControl "5400+30"]

1. e4 {[%emt 0:11:36]} c5 {[%emt 0:00:00]} 2. Nf3 {[%emt 0:00:20]} e6 {[%emt 0:00:00]} 3. d4 {[%emt 0:00:35]} cxd4 {[%emt 0:00:00]} 4. Nxd4 {[%emt 0:00:05]} a6 {[%emt 0:00:00]} 5. Nc3 {[%emt 0:00:10]} Qc7 {[%emt 0:00:01]} 6. Bd3 {[%emt 0:00:16]} Nf6 {[%emt 0:00:29]} 7. f4 {[%emt 0:03:29]} b5 {[%emt 0:01:46]} 8. e5 {[%emt 0:01:50]} b4 {[%emt 0:00:02]} 9. Ne4 {[%emt 0:00:03]} Nxe4 {[%emt 0:00:47]} 10. Bxe4 {[%emt 0:00:05]} Bb7 {[%emt 0:00:02]} 11. Qf3 {[%emt 0:00:07]} Nc6 {[%emt 0:01:08]} 12. Nxc6 {[%emt 0:00:30]} Bxc6 {[%emt 0:01:29]} 13. Bxc6 {[%emt 0:00:06]} Qxc6 {[%emt 0:00:02]} 14. Qxc6 {[%emt 0:00:07]} dxc6 {[%emt 0:00:02]} 15. Be3 {[%emt 0:00:20]} O-O-O {[%emt 0:08:33]} 16. Ke2 {[%emt 0:01:26]} Be7 {[%emt 0:06:23]} 17. Bb6 {[%emt 0:18:35]} Rd5 {[%emt 0:07:34]} 18. c4 {[%emt 0:01:25]} bxc3 {[%emt 0:03:18]} 19. bxc3 {[%emt 0:01:40]} c5 {[%emt 0:14:36]} 20. Rhd1 {[%emt 0:10:16]} Kd7 {[%emt 0:01:56]} 21. c4 {[%emt 0:21:39]} Rxd1 {[%emt 0:00:03]} 22. Rxd1+ {[%emt 0:00:04]} Kc6 {[%emt 0:00:05]} 23. Ba5 {[%emt 0:00:03]} Rb8 {[%emt 0:00:22]} 24. Bc3 {[%emt 0:00:04]} f5 {[%emt 0:07:28]} 25. Kf3 {[%emt 0:11:11]} 1/2-1/2

[Event "XLI Barbera del Valles Open 2018"]
[Site "Barbera del Valles"]
[Date "2018.07.08"]
[Round "5"]
[White "Karthik Venkataraman"]
[Black "Sauravh, Khherdekar"]
[Result "1-0"]
[WhiteElo "2514"]
[BlackElo "2239"]
[Annotator "ChessBase"]
[PlyCount "75"]
[EventDate "2018.07.04"]
[EventType "swiss"]
[EventCountry "ESP"]
[SourceTitle "playchess.com"]
[Source "ChessBase"]
[SourceQuality "1"]
[TimeControl "5400+30"]

1. e4 {[%emt 0:00:00]} e6 {[%emt 0:00:00]} 2. d4 {[%emt 0:00:00]} d5 {[%emt 0:00:00]} 3. Nc3 {[%emt 0:00:00]} Nc6 {[%emt 0:00:00]} 4. e5 {[%emt 0:00:09]} f6 {[%emt 0:00:23]} 5. Bb5 {[%emt 0:01:55]} Bd7 {[%emt 0:00:24]} 6. Nf3 {[%emt 0:00:07]} Qe7 {[%emt 0:00:38]} 7. O-O {[%emt 0:01:09]} Qf7 8. Re1 {[%emt 0:03:47]} O-O-O {[%emt 0:00:40]} 9. Qe2 {[%emt 0:01:24]} Re8 {[%emt 0:01:35]} 10. a4 {[%emt 0:02:15]} Bb4 {[%emt 0:00:41]} 11. Bd2 {[%emt 0:00:04]} Nge7 {[%emt 0:01:34]} 12. a5 {[%emt 0:04:09]} Ng6 13. Bxc6 {[%emt 0:08:06]} Bxc6 {[%emt 0:09:38]} 14. Na2 Bxd2 {[%emt 0:01:18]} 15. Qxd2 {[%emt 0:00:10]} fxe5 {[%emt 0:03:15]} 16. Nxe5 {[%emt 0:00:45]} Nxe5 {[%emt 0:00:18]} 17. Rxe5 {[%emt 0:00:04]} Rhf8 {[%emt 0:00:12]} 18. Rae1 {[%emt 0:00:06]} Qf4 {[%emt 0:02:12]} 19. R1e3 {[%emt 0:01:09]} Rf6 {[%emt 0:11:13]} 20. Nb4 {[%emt 0:02:02]} Rh6 {[%emt 0:01:26]} 21. g3 {[%emt 0:01:11]} Qg4 {[%emt 0:00:35]} 22. f3 {[%emt 0:00:43]} Qh3 {[%emt 0:01:07]} 23. Qf2 {[%emt 0:02:38]} Rf8 {[%emt 0:03:07]} 24. a6 {[%emt 0:05:53]} Bb5 25. axb7+ {[%emt 0:00:48]} Kxb7 {[%emt 0:05:25]} 26. b3 {[%emt 0:00:05]} a5 27. Na2 Rff6 {[%emt 0:06:35]} 28. c4 {[%emt 0:00:52]} Bc6 {[%emt 0:00:27]} 29. Nc3 {[%emt 0:00:11]} dxc4 {[%emt 0:01:08]} 30. bxc4 {[%emt 0:00:06]} Kc8 {[%emt 0:01:14]} 31. d5 {[%emt 0:02:36]} exd5 {[%emt 0:03:34]} 32. cxd5 {[%emt 0:00:42]} Bd7 {[%emt 0:00:47]} 33. Ne4 {[%emt 0:02:20]} Rb6 {[%emt 0:00:28]} 34. Re1 Rh5 {[%emt 0:07:42]} 35. Rc1 {[%emt 0:09:22]} Kb8 {[%emt 0:04:31]} 36. Qc2 {[%emt 0:05:07]} Rb7 {[%emt 0:01:13]} 37. Nc5 {[%emt 0:02:52]} Rb6 {[%emt 0:04:20]} 38. Rxh5 {[%emt 0:00:17]} 1-0